An algebraic introduction to mathematical logic / (Record no. 161443)
[ view plain ]
| 000 -LEADER | |
|---|---|
| fixed length control field | 00737pam a2200241 i 4500 |
| 040 ## - | |
| -- | DLC |
| -- | DLC |
| -- | DLC |
| 082 00 - DEWEY DECIMAL CLASSIFICATION NUMBER | |
| Classification number | 511.3 |
| 100 1# - MAIN ENTRY--AUTHOR NAME | |
| Personal name | Barnes, D. W. |
| 245 13 - TITLE STATEMENT | |
| Title | An algebraic introduction to mathematical logic / |
| Statement of responsibility, etc | D. W. Barnes, J. M. Mack. |
| 260 ## - PUBLICATION, DISTRIBUTION, ETC. (IMPRINT) | |
| Place of publication | New York : |
| Name of publisher | Springer-Verlag, |
| Year of publication | [1975] |
| 300 ## - PHYSICAL DESCRIPTION | |
| Number of Pages | viii, 121 p. : |
| Dimensions | 24 cm. |
| 440 #0 - SERIES STATEMENT/ADDED ENTRY--TITLE | |
| Title | Graduate texts in mathematics ; |
| Volume number/sequential designation | v. 22 |
| 500 ## - GENERAL NOTE | |
| General note | Includes indexes. |
| 650 #0 - SUBJECT ADDED ENTRY--TOPICAL TERM | |
| Topical Term | Logic, Symbolic and mathematical. |
| 650 #0 - SUBJECT ADDED ENTRY--TOPICAL TERM | |
| Topical Term | Algebraic logic. |
| 700 1# - ADDED ENTRY--PERSONAL NAME | |
| Personal name | Mack, J. M., |
| Withdrawn status | Lost status | Damaged status | Collection code | Home library | Current library | Shelving location | Date acquired | Full call number | Accession Number | Koha item type |
|---|---|---|---|---|---|---|---|---|---|---|
| MATHEMATICS | North Eastern Hill University | North Eastern Hill University | General Stacks | 11/05/2015 | 511.3 | 36762 | Books | |||
| MATHEMATICS | North Eastern Hill University | North Eastern Hill University | General Stacks | 29/04/1976 | 511.3 BAR | 37096 | Books |
